| 000 | 02574nam0a2200397 4500 | ||
|---|---|---|---|
| 001 | RU\NLR\BIBL_A\011550715 | ||
| 005 | 20260409063031.0 | ||
| 010 |
_a9785917688190 _bНорма |
||
| 010 |
_a978-5-16-012609-8 _bИНФРА-М _9150 |
||
| 021 |
_aRU _b2017-88812 _96346 |
||
| 035 | _a(RuMoRGB)009460045 | ||
| 035 | _a(NLR Aleph) 011550715 | ||
| 090 |
_a12242020 _c12242020 |
||
| 100 | _a20171208d2017 u y0rusy50 ca | ||
| 101 | 0 | _arus | |
| 102 | _aRU | ||
| 105 | _aa|||j|||010zy | ||
| 200 | 1 |
_aКриминология _eучебник для аспирантов _f[Аминов И.И., кандидат психологических наук, кандидат юридических наук, доцент, Антонян Е.А., доктор юридических наук , профессор, Дашков Г.В., доктор юридических наук, профессор, заслуженный деятель науки РФ и др.] _gпод редакцией доктора юридических наук, профессора, заслуженного деятеля науки РФ И.М. Мацкевича _gМосковский государственный юридический университет имени О.Е. Кутафина (МГЮА) |
|
| 210 |
_aМосква _cНорма _cИНФРА-М _d2017 |
||
| 215 |
_a367 с. _cтабл. _d21 |
||
| 300 | _aАвт. указаны на обороте тит. л. | ||
| 300 | _aНа обл.: Университет имени О.Е. Кутафина (МГЮА) 85, 1931-2016 | ||
| 320 | _aБиблиогр. в начале гл. и в подстроч. примеч. | ||
| 606 | 1 |
_aКриминология _jУчебники для последипломного образования _yРоссийская Федерация _92091132 _3RU\NLR\AUTH\661265669 |
|
| 686 |
_aХ628.3я73-1 _2rubbk |
||
| 686 | 1 | _aХ628.3я73 | |
| 701 | 1 |
_8rus _7ca _aАминов _bИ. И. _gИлья Исакович _3RU\NLR\AUTH\7781755 _964683 |
|
| 701 | 1 |
_aАнтонян _bЕ. А. _gЕлена Александровна |
|
| 701 | 1 |
_aДашков _bГ.В. _f1939- _gГеннадий Владимирович |
|
| 702 | 1 |
_aМацкевич _bИ. М. _f1964- _gИгорь Михайлович _4340 |
|
| 712 | 0 | 2 |
_4570 _aМосковский государственный юридический университет им. О. Е. Кутафина _3RU\NLR\AUTH\8810235884 _9357016 |
| 942 | _cBOOK | ||
| 980 | _aNBR | ||